000 00295nam a22001337a 4500
008 170208b xxu||||| |||| 00| 0 eng d
020 _a9780763745257
041 _aeng
080 _a61
100 _a4
101 _aSHM
245 _aESSENTIALS OF PUBLIC HEALTH
_cTURNOCK, B.J
942 _2udc
_cBK
999 _c4942
_d4942